Reconocimiento de la pureza de los alcoholes y aguardientes / (Record no. 167209)

MARC details
000 -LEADER
campo de control de longitud fija 00731nam a22001935i 4500
001 - NÚMERO DE CONTROL
campo de control 167209
003 - IDENTIFICADOR DE NÚMERO DE CONTROL
campo de control ES-MaACL
005 - FECHA Y HORA DE LA ÚLTIMA TRANSACCIÓN
campo de control 20250912063054.0
008 - DATOS DE LONGITUD FIJA--INFORMACIÓN GENERAL
campo de control de longitud fija 990903s1887 sp |||| | spa d
040 ## - FUENTE DE CATALOGACIÓN
Centro catalogador/agencia de origen CCPB | B
Lengua de catalogación spa
Centro/agencia transcriptor CCPB | B
100 1# - ENTRADA PRINCIPAL--NOMBRE DE PERSONA
Nombre de persona Vera, Vicente,
Fechas asociadas al nombre 1855-1934
9 (RLIN) 113953
245 10 - MENCIÓN DEL TÍTULO
Título Reconocimiento de la pureza de los alcoholes y aguardientes /
Mención de responsabilidad, etc. por Vicente de Vera y López.
260 ## - PUBLICACIÓN, DISTRIBUCIÓN, ETC.
Lugar de publicación, distribución, etc. Madrid :
Nombre del editor, distribuidor, etc. Hijos de J. Cuesta, editores,
Fecha de publicación, distribución, etc. 1887.
300 ## - DESCRIPCIÓN FÍSICA
Extensión 20 p. ;
Dimensiones 20 cm.
650 #4 - PUNTO DE ACCESO ADICIONAL DE MATERIA--TÉRMINO DE MATERIA
Término de materia o nombre geográfico como elemento de entrada Bebidas alcohólicas.
9 (RLIN) 135679
650 04 - PUNTO DE ACCESO ADICIONAL DE MATERIA--TÉRMINO DE MATERIA
Término de materia o nombre geográfico como elemento de entrada Aguardientes.
9 (RLIN) 9697
852 ## - LOCALIZACIÓN
Ubicación ES-MaACL
Número de control de estantería T-676-F-8
Nota libre -- Enc. hol.
-- -- An. ms.: ded. del autor a Manuel Saenz Diez
-- -- Enc. en un vol. facticio
Holdings
Estatus retirado Estado de pérdida Estado de daño No para préstamo Colección Biblioteca de origen Biblioteca actual Ubicación en estantería Fecha de adquisición Total de préstamos Signatura topográfica completa Código de barras Visto por última vez Precio de reemplazo Tipo de ítem Koha
        Colección de folletos Biblioteca del Ateneo de Madrid Biblioteca del Ateneo de Madrid Depósito folletos 17/01/2008   T-676-F-8 1175403 23/02/2023 23/02/2023 Folleto